000
00342nam a2200145Ia 4500
008
191201s2012 xx 000 0 und d
082
_a
658.51DAM
100
_a
DATTA,A.K
245
0
_a
Materials Management Procedures, Text and Cases
250
_a
2nd
260
_a
N. Delhi
_b
PHI
_c
2012
300
_a
404
650
_a
BBA
942
_2
ddc
_c
BK
999
_c
5226
_d
5226